Mot mystérieux - Série 62 - Statistiques

Statistiques générales
  • Ce quiz a été pris 64 fois
  • Le résultat moyen est 5 sur 10
Statistiques - réponses
Indices Mot % Correct
longueur- radio - sonore - micro onde
92%
immunitaire - métrique - nerveux - solaire système
91%
gastrique - urinaire - spatiale - îles sonde
57%
combattant - santé - golf - obstacle parcours
53%
seconde - survie - cocu - dernière chance
51%
flash- dépôt - sauvette - ligne vente
47%
morte - mère - grandeur- petite nature
40%
onde- image - pétrolier - état choc
36%
timbre - pièce - été - objet collection
19%
chance - main - classe - nature seconde
15%
Aucun quiz correspondant
Distribution des résultats
% des personnes avec chaque résultat
Percentile par nombre de réponses
Votre historique - résultats
Vous n’avez pas pris ce quiz